Principios del autoentrenamiento: manual del corredor

Sparad:
Bibliografiska uppgifter
Huvudupphovsman: García-Verdugo Delmas, Mariano (Författare, medförfattare)
Materialtyp: Bok
Språk:spanska
Publicerad: Madrid Gymnos 2000
Ämnen:
Taggar: Lägg till en tagg
Inga taggar, Lägg till första taggen!

MARC

LEADER 00000nam a2200000 a 4500
001 UCO7436
003 CL-VaPUC
008 001117e20000000SP |||||||||||||||||spa|d
082 0 4 |a 796.41  |b GAR  |2 21 
100 |a García-Verdugo Delmas, Mariano  |e author  |9 542046 
245 1 0 |a Principios del autoentrenamiento: manual del corredor 
300 |a 258 p 
942 |c BK 
945 |d 20001117 00:00:00  |a cmena 
260 |a Madrid  |b Gymnos  |c 2000 
650 0 |a Atletismo  |9 307422 
650 0 |a Deportes  |9 224367 
650 7 |a ENTRENAMIENTO ATLETICO  |2 CL-VaPUC  |9 451909 
650 7 |a DEPORTES DE PISTA  |2 CL-VaPUC  |9 311723 
583 |a last modification  |c 20001117 00:00:00  |k Rodrigo Vera 
999 |c 292372  |d 292370 
952 |0 0  |1 0  |4 0  |6 796_410000000000000_GAR_2000  |7 0  |8 A  |9 343190  |a BIBEDU  |b BIBEDU  |d 2019-11-20  |i 3668150  |o 796.41 GAR 2000  |p 3668150  |r 2019-11-20  |w 2019-11-20  |y BK  |k EFI